| LEADER | 00699nam a2200169 4500 | ||
|---|---|---|---|
| 082 | |a 306 |b NG527QU | ||
| 100 | |a Nguyễn Quang | ||
| 245 | |a Giao tiếp và giao tiếp văn hóa |c Nguyễn Quang | ||
| 260 | |a H. |b Đại học Quốc gia |c 2002 | ||
| 300 | |a 275 tr. |c 20 cm. | ||
| 520 | |a v.v... | ||
| 653 | |a Văn hóa | ||
| 653 | |a Giao tiếp | ||
| 942 | |2 ddc |c STK0 | ||
| 999 | |c 8679 |d 8679 | ||
| 952 | |0 0 |1 0 |2 ddc |4 0 |6 306_000000000000000_NG527QU |7 0 |8 300 |9 71311 |a qbu |b qbu |c D2 |d 2015-04-25 |g 23500 |o 306 NG527QU |p 8335.c1 |r 0000-00-00 |w 2015-04-25 |y STK0 | ||
| 952 | |0 0 |1 0 |2 ddc |4 0 |6 306_000000000000000_NG527QU |7 0 |8 300 |9 71312 |a qbu |b qbu |c D2 |d 2015-04-25 |g 23500 |l 2 |o 306 NG527QU |p 8335.c2 |r 2017-04-28 |s 2017-04-14 |w 2015-04-25 |y STK0 | ||